Býčí sentiment už aj na emerging trhoch Príloha Hospodárskych novín

Vývoj svetových kapitálových trhov v treťom štvrťroku 1995. Priaznivý trend burzových indexov (USA, Japonsko, Nemecko). Oživenie trhov v reformných štátoch CEFTA. Základné makroekonomické a finančné indikátory svetových kapitálových trhov.

Na minha lista:
Detalhes bibliográficos
Autor principal: Baláž, Vladimír
Formato: Capítulo de Livro
Idioma:eslovaco
Assuntos:
Tags: Adicionar Tag
Sem tags, seja o primeiro a adicionar uma tag!

MARC

LEADER 00000naa a2200000 4500
001 r018966
005 20221205101751.7
041 0 |a slo 
044 |a SK 
245 1 0 |a Býčí sentiment už aj na emerging trhoch  |b Príloha Hospodárskych novín  |c Vladimír Baláž 
520 |a Vývoj svetových kapitálových trhov v treťom štvrťroku 1995. Priaznivý trend burzových indexov (USA, Japonsko, Nemecko). Oživenie trhov v reformných štátoch CEFTA. Základné makroekonomické a finančné indikátory svetových kapitálových trhov. 
610 2 0 |a trh kapitálový 
610 2 0 |a svet 
610 2 0 |a júl-september 
610 2 0 |a 1995 
610 2 0 |a indexy burzové 
610 2 0 |a burzy 
610 2 0 |a CEFTA 
100 1 |a Baláž, Vladimír